000 00692nam a2200289Ia 4500
005 20260324121616.0
008 008 260324s9999 xx 000 0 eng d
020 _a9781315848921
037 _aEBOOK
040 _aCRL
040 _beng
040 _cCRL
041 _2eng
041 _aeng
084 _qCRL
100 _aChristian Dennys
_91163167
245 0 _aMilitary Intervention, Stabilisation and Peace
245 4 _bThe search for stability
260 _bTaylor and Francis
260 _c2014
365 _a
365 _b240
856 _uhttp://www.taylorfrancis.com/books/9781315848921
942 _cEBOOK
999 _c1755394
_d1755394